[Event "RUS-chT U20"]
[Site "Kolomna"]
[Date "2014.08.04"]
[Round "3"]
[White "Rebryk, Maksim"]
[Black "Kroll, Dmitry V"]
[Result "0-1"]
[WhiteElo "1379"]
[BlackElo "1976"]
[PlyCount "58"]
[EventDate "2014.08.02"]
[EventType "swiss"]
[EventRounds "9"]
[EventCountry "RUS"]
[SourceTitle "EXT 2016"]
[Source "ChessBase"]
[SourceDate "2015.10.08"]
[SourceVersion "1"]
[SourceVersionDate "2015.10.08"]
[SourceQuality "1"]

1. e4 c6 2. d4 d5 3. f3 dxe4 4. fxe4 Nf6 5. Nc3 Bg4 6. Nf3 e6 7. Be2 Bb4 8. h3 Bh5 9. g4 Bg6 10. e5 Ne4 11. Bd2 Bxc3 12. Bxc3 0-0 13. h4 Nxc3 14. bxc3 Qa5 15. Qd2 Be4 16. Rh3 c5 17. Ng5 Bd5 18. Qd3 g6 19. h5 cxd4 20. hxg6 hxg6 21. Rh8+ Kg7 22. Rh7+ Kg8 23. Qh3 Qxc3+ 24. Qxc3 dxc3 25. Kf2 Nd7 26. Bf3 f6 27. Rah1 fxg5 28. Rh8+ Kf7 29. R1h7+ Ke8 0-1

[Event "RUS-chT U20"]
[Site "Kolomna"]
[Date "2014.08.02"]
[Round "1"]
[White "Karpenko, Artem"]
[Black "Kroll, Dmitry V"]
[Result "1-0"]
[WhiteElo "2107"]
[BlackElo "1976"]
[PlyCount "39"]
[EventDate "2014.08.02"]
[EventType "swiss"]
[EventRounds "9"]
[EventCountry "RUS"]
[SourceTitle "EXT 2016"]
[Source "ChessBase"]
[SourceDate "2015.10.08"]
[SourceVersion "1"]
[SourceVersionDate "2015.10.08"]
[SourceQuality "1"]

1. e4 c5 2. Nf3 e6 3. d4 cxd4 4. Nxd4 Nf6 5. Nc3 Bb4 6. e5 Ne4 7. Qg4 Bxc3+ 8. bxc3 Qc7 9. Qxg7 Qxc3+ 10. Ke2 Nc6 11. Qxh8+ Ke7 12. Nb5 Qc5 13. Ba3 Nb4 14. Kf3 Nd2+ 15. Kg4 Ne4 16. Bd3 Nxf2+ 17. Kh4 Nfxd3 18. Qf6+ Kf8 19. cxd3 Qxb5 20. Rhf1 1-0

[Event "Samara Polugaevsky Memorial 4th"]
[Site "Samara"]
[Date "2014.07.10"]
[Round "9"]
[White "Kroll, Dmitry V"]
[Black "Zherebtsova, Alexandra"]
[Result "0-1"]
[WhiteElo "1976"]
[BlackElo "2146"]
[PlyCount "38"]
[EventDate "2014.07.02"]
[EventType "swiss"]
[EventRounds "9"]
[EventCountry "RUS"]
[SourceTitle "CBM 161 Extra"]
[Source "ChessBase"]
[SourceDate "2014.08.29"]
[SourceVersion "1"]
[SourceVersionDate "2014.08.29"]
[SourceQuality "1"]

1. e4 e5 2. Nf3 Nc6 3. Bc4 Bc5 4. c3 Nf6 5. d3 d6 6. Bg5 Bg4 7. 0-0 h6 8. Bh4 g5 9. Bg3 Qd7 10. Nbd2 Nh5 11. Nb3 Bb6 12. d4 0-0-0 13. dxe5 Nxg3 14. hxg3 Bxf3 15. gxf3 Qh3 16. Be2 Qxg3+ 17. Kh1 Qh3+ 18. Kg1 dxe5 19. Qc2 g4 0-1

[Event "Kolomna op-B"]
[Site "Kolomna"]
[Date "2012.10.01"]
[Round "7"]
[White "Sokolov, Nikita Dm"]
[Black "Kroll, Dmitry V"]
[Result "1/2-1/2"]
[WhiteElo "1669"]
[BlackElo "1801"]
[PlyCount "148"]
[EventDate "2012.09.27"]
[EventType "swiss"]
[EventRounds "9"]
[EventCountry "RUS"]
[SourceTitle "EXT 2013"]
[Source "ChessBase"]
[SourceDate "2012.11.22"]
[SourceVersion "1"]
[SourceVersionDate "2012.11.22"]
[SourceQuality "1"]

1. c4 e6 2. Nc3 d5 3. cxd5 exd5 4. d4 Nf6 5. Bg5 c6 6. e3 h6 7. Bh4 Bf5 8. f3 Bb4 9. Bd3 Bxd3 10. Qxd3 g5 11. Bf2 0-0 12. Nge2 Re8 13. 0-0 Nbd7 14. Ng3 Bf8 15. e4 Nb6 16. e5 Nh7 17. Nf5 Re6 18. f4 gxf4 19. Bh4 Qd7 20. Rxf4 Rg6 21. a4 Re8 22. a5 Nc8 23. Qh3 Kh8 24. Kh1 Bb4 25. Nxh6 Qxh3 26. Nxf7+ Kg7 27. gxh3 Rf8 28. Raf1 Bxa5 29. e6 Rxe6 30. Rg1+ Rg6 31. Rxg6+ Kxg6 32. Ne5+ Kh5 33. Rxf8 Nxf8 34. Bf2 Nd6 35. Na4 Ne4 36. Be3 Ne6 37. Kg2 Kh4 38. Ng6+ Kh5 39. Ne5 Nd6 40. Nc5 Nxc5 41. dxc5 Nf5 42. Bf2 Kg5 43. Kf3 Bc7 44. Ng4 Nh4+ 45. Ke2 Ng6 46. Bg3 Bf4 47. Kf3 Bc1 48. b3 Ba3 49. Bf2 Nh4+ 50. Ke2 Nf5 51. Kd3 Kf4 52. Ne3 Bxc5 53. Nxd5+ cxd5 54. Bxc5 a6 55. Bb6 Kf3 56. h4 Kg4 57. Bd8 Ng7 58. Bf6 Ne6 59. Kc3 Kf5 60. Bh8 Ke4 61. Kb4 b6 62. h5 d4 63. h6 d3 64. Bc3 Nf8 65. Kc4 Ke3 66. Kd5 d2 67. Bxd2+ Kxd2 68. Kc6 b5 69. Kd6 Kc3 70. Ke7 Nh7 71. Kf7 a5 72. Kg7 Ng5 73. Kg6 Ne6 74. Kf6 Nf8 1/2-1/2

[Event "Kolomna op-B"]
[Site "Kolomna"]
[Date "2012.09.28"]
[Round "3"]
[White "Kroll, Dmitry V"]
[Black "Nikitin, Victor Alekseevich"]
[Result "1-0"]
[WhiteElo "1801"]
[BlackElo "2015"]
[PlyCount "111"]
[EventDate "2012.09.27"]
[EventType "swiss"]
[EventRounds "9"]
[EventCountry "RUS"]
[SourceTitle "EXT 2013"]
[Source "ChessBase"]
[SourceDate "2012.11.22"]
[SourceVersion "1"]
[SourceVersionDate "2012.11.22"]
[SourceQuality "1"]

1. e4 e5 2. Nf3 Nc6 3. d4 exd4 4. Nxd4 Nge7 5. Nc3 a6 6. Bc4 Ne5 7. Bb3 c5 8. Nf3 Qc7 9. Nxe5 Qxe5 10. f4 Qd4 11. Qxd4 cxd4 12. Nd5 Nxd5 13. Bxd5 Bc5 14. a3 a5 15. b3 0-0 16. Bb2 Kh8 17. Ke2 d6 18. h3 f5 19. Rhf1 Re8 20. Kd3 fxe4+ 21. Bxe4 d5 22. Bxd5 Bd7 23. Bxd4 Bf5+ 24. Kc3 Rad8 25. Bxc5 Rxd5 26. b4 Rc8 27. g4 b6 28. gxf5 bxc5 29. b5 a4 30. b6 Rxf5 31. Rab1 h6 32. Rb5 g5 33. b7 Rb8 34. Kd3 gxf4 35. Ke4 Rf7 36. Rxf4 Rbxb7 37. Rxb7 Rxb7 38. Kd5 Ra7 39. Rc4 Kg7 40. Kxc5 Rf7 41. Rxa4 Rc7+ 42. Kb6 Rxc2 43. Rb4 Rc3 44. a4 Rxh3 45. a5 Ra3 46. a6 h5 47. a7 Kg6 48. Rb5 h4 49. Ra5 Rb3+ 50. Ka6 h3 51. a8Q Kg7 52. Rg5+ Kf6 53. Qd8+ Ke6 54. Qd5+ Kf6 55. Qe5+ Kf7 56. Rg7+ 1-0

[Event "Kimry Summer op 63rd"]
[Site "Kimry"]
[Date "2012.06.11"]
[Round "7"]
[White "Kroll, Dmitry V"]
[Black "Motruk, Oleg"]
[Result "1/2-1/2"]
[WhiteElo "1763"]
[BlackElo "1921"]
[PlyCount "79"]
[EventDate "2012.06.08"]
[EventType "swiss"]
[EventRounds "7"]
[EventCountry "RUS"]
[SourceTitle "EXT 2014"]
[Source "ChessBase"]
[SourceDate "2013.11.20"]
[SourceVersion "1"]
[SourceVersionDate "2013.11.20"]
[SourceQuality "1"]

1. e4 d5 2. exd5 Nf6 3. d4 Nxd5 4. c4 Nb6 5. Bf4 g6 6. h3 Bg7 7. Nf3 Nc6 8. Be3 e5 9. dxe5 Qxd1+ 10. Kxd1 Nxe5 11. Nxe5 Bxe5 12. Kc2 Bf5+ 13. Kb3 Na4 14. Nc3 Nxc3 15. bxc3 0-0-0 16. Be2 Bd3 17. Bf3 a5 18. Bd5 c6 19. Bxf7 Bf5 20. g4 Bd7 21. c5 a4+ 22. Kxa4 Bxc3 23. Rab1 Rhf8 24. Bc4 Kc7 25. Kb3 Be5 26. Kc2 h5 27. Rhg1 hxg4 28. hxg4 Bf4 29. Rbd1 Bxe3 30. fxe3 Rf3 31. Rd6 Rxe3 32. Rgd1 Re4 33. Bf7 Re5 34. Bxg6 Rxc5+ 35. Kb2 Rb5+ 36. Ka1 Rd5 37. R6xd5 cxd5 38. g5 Bg4 39. Rd4 Rg8 40. Bf7 1/2-1/2

[Event "Kimry Summer op 63rd"]
[Site "Kimry"]
[Date "2012.06.09"]
[Round "4"]
[White "Struzhkin, Denis"]
[Black "Kroll, Dmitry V"]
[Result "1-0"]
[WhiteElo "2058"]
[BlackElo "1763"]
[PlyCount "31"]
[EventDate "2012.06.08"]
[EventType "swiss"]
[EventRounds "7"]
[EventCountry "RUS"]
[SourceTitle "EXT 2014"]
[Source "ChessBase"]
[SourceDate "2013.11.20"]
[SourceVersion "1"]
[SourceVersionDate "2013.11.20"]
[SourceQuality "1"]

1. e4 c5 2. Nf3 e6 3. d4 cxd4 4. Nxd4 a6 5. Nc3 Nc6 6. Nxc6 bxc6 7. Bd3 d5 8. 0-0 Bc5 9. e5 Qc7 10. Re1 Bd4 11. Qe2 c5 12. Qg4 Bxe5 13. Nxd5 exd5 14. Qxg7 Ne7 15. Rxe5 Rf8 16. Bh6 1-0

[Event "Nebug op"]
[Site "Nebug"]
[Date "2012.03.06"]
[Round "6"]
[White "Popelyshev, Igor Viktorovich"]
[Black "Kroll, Dmitry V"]
[Result "1-0"]
[WhiteElo "2129"]
[BlackElo "1763"]
[PlyCount "33"]
[EventDate "2012.03.02"]
[EventType "swiss"]
[EventRounds "9"]
[EventCountry "RUS"]
[SourceTitle "EXT 2022"]
[Source "ChessBase"]
[SourceDate "2021.10.06"]
[SourceVersion "1"]
[SourceVersionDate "2021.10.06"]
[SourceQuality "1"]

1. e4 c5 2. Nc3 e6 3. Nf3 Nc6 4. d4 cxd4 5. Nxd4 a6 6. g3 Bb4 7. Bg2 Nge7 8. 0-0 0-0 9. Nce2 d5 10. exd5 Nxd5 11. Nxc6 bxc6 12. c4 Ne7 13. Bf4 Qb6 14. a3 Rd8 15. Qc2 Bc5 16. b4 Bd4 17. c5 1-0

[Event "Nebug op"]
[Site "Nebug"]
[Date "2012.03.03"]
[Round "2"]
[White "Labasheva, Ekaterina"]
[Black "Kroll, Dmitry V"]
[Result "0-1"]
[WhiteElo "1859"]
[BlackElo "1763"]
[PlyCount "70"]
[EventDate "2012.03.02"]
[EventType "swiss"]
[EventRounds "9"]
[EventCountry "RUS"]
[SourceTitle "EXT 2022"]
[Source "ChessBase"]
[SourceDate "2021.10.06"]
[SourceVersion "1"]
[SourceVersionDate "2021.10.06"]
[SourceQuality "1"]

1. e4 e6 2. d4 d5 3. Nd2 Nf6 4. e5 Nfd7 5. Bd3 c5 6. c3 Qb6 7. Ne2 Nc6 8. Nf3 cxd4 9. cxd4 Bb4+ 10. Kf1 a6 11. g3 Qc7 12. Bf4 Nb6 13. Rc1 Bd7 14. Qc2 0-0-0 15. Ng5 Be8 16. Nxh7 Kb8 17. a3 Be7 18. Ng5 Rc8 19. Kg2 Qd8 20. Qd2 Bxg5 21. Bxg5 f6 22. exf6 gxf6 23. Qf4+ e5 24. dxe5 fxg5 25. Qe3 d4 26. Qd2 Qd5+ 27. f3 Qxe5 28. Be4 Nd5 29. Bxd5 Qxd5 30. Rhd1 Rd8 31. h3 Bd7 32. g4 Rxh3 33. Ng1 Rh4 34. Kg3 Qe5+ 35. Kg2 Rh2+ 0-1

[Event "Nebug op"]
[Site "Nebug"]
[Date "2012.03.02"]
[Round "1"]
[White "Kroll, Dmitry V"]
[Black "Maslak, Alexander"]
[Result "0-1"]
[WhiteElo "1763"]
[BlackElo "2202"]
[PlyCount "130"]
[EventDate "2012.03.02"]
[EventType "swiss"]
[EventRounds "9"]
[EventCountry "RUS"]
[SourceTitle "EXT 2022"]
[Source "ChessBase"]
[SourceDate "2021.10.06"]
[SourceVersion "1"]
[SourceVersionDate "2021.10.06"]
[SourceQuality "1"]

1. e4 c5 2. Nf3 Nc6 3. d4 cxd4 4. Nxd4 Nf6 5. Nc3 d6 6. Be2 e5 7. Nf3 h6 8. 0-0 Be7 9. h3 Be6 10. Be3 0-0 11. Qd2 d5 12. exd5 Nxd5 13. Nxd5 Qxd5 14. Qxd5 Bxd5 15. Rad1 Rfd8 16. Rd2 Be6 17. Rfd1 Rxd2 18. Rxd2 f5 19. Rd1 f4 20. Bc1 Bf6 21. Bb5 Rd8 22. Rxd8+ Nxd8 23. Nd2 Nc6 24. Bxc6 bxc6 25. Ne4 Bxa2 26. Nxf6+ gxf6 27. g3 fxg3 28. fxg3 h5 29. Kf2 Bb1 30. c3 Kf7 31. Kf3 Bc2 32. Be3 a5 33. Bc5 Ke6 34. Ke3 f5 35. Ba3 h4 36. gxh4 f4+ 37. Kf3 Kf5 38. Be7 Bd1+ 39. Kf2 a4 40. Bc5 Bh5 41. Bd6 e4 42. Bc5 Ke5 43. c4 Bf7 44. Bb6 e3+ 45. Bxe3 fxe3+ 46. Kxe3 Bxc4 47. h5 Bf7 48. Kd3 Bxh5 49. h4 Kf4 50. Kc4 Be2+ 51. Kb4 Bb5 52. Kc3 Kg4 53. Kd4 Kxh4 54. Ke4 Kg4 55. Ke3 Kf5 56. Kd4 Kf4 57. Kc3 Ke3 58. Kc2 Kd4 59. Kb1 Kc4 60. Ka1 Kb3 61. Kb1 a3 62. bxa3 Kxa3 63. Ka1 Kb3 64. Kb1 Kc3 65. Kc1 c5 0-1

[Event "Pushchino op"]
[Site "Pushchino"]
[Date "2012.02.24"]
[Round "1"]
[White "Klyuev, Alexander S"]
[Black "Kroll, Dmitry V"]
[Result "1-0"]
[WhiteElo "2168"]
[BlackElo "1651"]
[PlyCount "51"]
[EventDate "2012.02.24"]
[EventType "swiss"]
[EventRounds "7"]
[EventCountry "RUS"]
[SourceTitle "EXT 2014"]
[Source "ChessBase"]
[SourceDate "2013.11.20"]
[SourceVersion "1"]
[SourceVersionDate "2013.11.20"]
[SourceQuality "1"]

1. Nf3 e6 2. g3 d5 3. Bg2 Nf6 4. 0-0 c5 5. d3 Nc6 6. Nbd2 Be7 7. Re1 Qc7 8. c3 0-0 9. e4 dxe4 10. dxe4 Rd8 11. e5 Nd5 12. Qe2 b6 13. h4 a5 14. Nf1 Ba6 15. Qe4 Rd7 16. N1h2 b5 17. Bg5 h6 18. Bc1 Qd8 19. Qg4 Kh8 20. Qh5 Qf8 21. Ng4 Kh7 22. Ng5+ Bxg5 23. hxg5 Nce7 24. Be4+ Nf5 25. Qh3 g6 26. Bxd5 1-0

[Event "Pushkino op"]
[Site "Pushkino"]
[Date "2012.01.15"]
[Round "9"]
[White "Kroll, Dmitry V"]
[Black "Chistyakova, Daria"]
[Result "1-0"]
[WhiteElo "1651"]
[BlackElo "1652"]
[PlyCount "57"]
[EventDate "2012.01.11"]
[EventType "swiss"]
[EventRounds "9"]
[EventCountry "RUS"]
[SourceTitle "EXT 2014"]
[Source "ChessBase"]
[SourceDate "2013.11.20"]
[SourceVersion "1"]
[SourceVersionDate "2013.11.20"]
[SourceQuality "1"]

1. e4 e5 2. Nf3 Nc6 3. d4 exd4 4. Nxd4 Nf6 5. Nc3 Bb4 6. Nxc6 bxc6 7. Bd3 d5 8. exd5 cxd5 9. 0-0 0-0 10. Bg5 Bxc3 11. bxc3 Qd6 12. Bxf6 Qxf6 13. Qh5 h6 14. Qxd5 Bg4 15. Qe4 Qg6 16. Qxg6 fxg6 17. Bxg6 Be2 18. Rfe1 Bc4 19. Bd3 Bd5 20. c4 Bb7 21. Rab1 Rab8 22. Re7 Rfc8 23. Bf5 Rd8 24. h3 Ba8 25. Rxb8 Rxb8 26. Rxc7 Bb7 27. Be6+ Kh8 28. Bd5 Bc8 29. Rxa7 1-0

[Event "Konakovo Chervonny op"]
[Site "Konakovo"]
[Date "2011.09.25"]
[Round "7"]
[White "Blinov, Sergey"]
[Black "Kroll, Dmitry V"]
[Result "1-0"]
[WhiteElo "1964"]
[BlackElo "1568"]
[PlyCount "89"]
[EventDate "2011.09.22"]
[EventType "swiss"]
[EventRounds "7"]
[EventCountry "RUS"]
[SourceTitle "EXT 2012"]
[Source "ChessBase"]
[SourceDate "2011.11.24"]
[SourceVersion "1"]
[SourceVersionDate "2011.11.24"]
[SourceQuality "1"]

1. Nf3 Nf6 2. b3 e6 3. Bb2 d5 4. e3 Bd6 5. d4 0-0 6. Bd3 b6 7. Nbd2 Bb7 8. h3 Nbd7 9. Ne5 Ne4 10. Nxd7 Qxd7 11. Qg4 f5 12. Qe2 f4 13. Bxe4 dxe4 14. 0-0-0 fxe3 15. fxe3 Rf5 16. Qg4 Ra5 17. Nxe4 Be7 18. d5 g6 19. dxe6 Qc6 20. Nf6+ Bxf6 21. Bxf6 Rxa2 22. Bb2 Re8 23. Qd4 Rxb2 24. Kxb2 Qxe6 25. Rhf1 Bxg2 26. Rf6 Qe7 27. Qc4+ Kg7 28. Qc3 Kg8 29. Rd2 Be4 30. Rdf2 Bd5 31. e4 Be6 32. h4 Bg4 33. R6f4 Bh5 34. Qc4+ Kh8 35. Qd4+ Kg8 36. Qd5+ Kh8 37. Rf7 Qxh4 38. Rf8+ Rxf8 39. Rxf8+ Kg7 40. Qf7+ Kh6 41. Re8 Bg4 42. Qf8+ Kh5 43. Qf4 Bd7 44. Re5+ g5 45. Qf7+ 1-0

[Event "Konakovo Chervonny op"]
[Site "Konakovo"]
[Date "2011.09.23"]
[Round "3"]
[White "An, Yuri"]
[Black "Kroll, Dmitry V"]
[Result "1-0"]
[WhiteElo "1976"]
[BlackElo "1568"]
[PlyCount "61"]
[EventDate "2011.09.22"]
[EventType "swiss"]
[EventRounds "7"]
[EventCountry "RUS"]
[SourceTitle "EXT 2012"]
[Source "ChessBase"]
[SourceDate "2011.11.24"]
[SourceVersion "1"]
[SourceVersionDate "2011.11.24"]
[SourceQuality "1"]

1. d4 d5 2. c4 e6 3. e3 Nf6 4. a3 c5 5. dxc5 a5 6. cxd5 exd5 7. Bb5+ Bd7 8. Bxd7+ Nbxd7 9. Nc3 Nxc5 10. Nf3 Be7 11. 0-0 0-0 12. a4 Rc8 13. Nd4 Nfe4 14. Ncb5 Qd7 15. Qe2 Ne6 16. b3 Nd6 17. Bb2 Nxd4 18. Nxd4 Bf6 19. Rfd1 Ne4 20. Nb5 Bxb2 21. Qxb2 Rfd8 22. Rd4 Qf5 23. Rad1 Nf6 24. R4d2 Rc5 25. Nd4 Qe5 26. b4 axb4 27. Qxb4 Ne4 28. Nf3 Qc7 29. Qxe4 Qa5 30. h3 g6 31. Qe7 1-0

[Event "Dmitrov op"]
[Site "Dmitrov"]
[Date "2011.08.01"]
[Round "8"]
[White "Ustinov, Alexey"]
[Black "Kroll, Dmitry V"]
[Result "1-0"]
[WhiteElo "2193"]
[BlackElo "1493"]
[PlyCount "26"]
[EventDate "2011.07.29"]
[EventType "swiss"]
[EventRounds "9"]
[EventCountry "RUS"]
[SourceTitle "CBM 143 Extra"]
[Source "ChessBase"]
[SourceDate "2011.08.29"]
[SourceVersion "1"]
[SourceVersionDate "2011.08.29"]
[SourceQuality "1"]

1. f4 d5 2. b4 e6 3. Bb2 Nf6 4. a3 Bd6 5. e3 0-0 6. Nf3 c6 7. Be2 Nbd7 8. 0-0 Re8 9. d4 Ne4 10. c4 dxc4 11. Bxc4 f5 12. Ne5 Ndf6 13. Nd2 Kh8 1-0

[Event "Dmitrov op"]
[Site "Dmitrov"]
[Date "2011.07.29"]
[Round "1"]
[White "Kroll, Dmitry V"]
[Black "Kalinin, Nikita"]
[Result "0-1"]
[WhiteElo "1493"]
[BlackElo "2093"]
[PlyCount "72"]
[EventDate "2011.07.29"]
[EventType "swiss"]
[EventRounds "9"]
[EventCountry "RUS"]
[SourceTitle "CBM 143 Extra"]
[Source "ChessBase"]
[SourceDate "2011.08.29"]
[SourceVersion "1"]
[SourceVersionDate "2011.08.29"]
[SourceQuality "1"]

1. e4 c5 2. Nf3 d6 3. d4 cxd4 4. Nxd4 Nf6 5. Nc3 a6 6. Be2 e5 7. Nb3 Be7 8. 0-0 0-0 9. Be3 b5 10. Qd2 Bb7 11. Bf3 Qc7 12. a3 Nbd7 13. Rfe1 Rac8 14. Rad1 Nb6 15. Na5 Ba8 16. Bg5 Rfd8 17. Re3 Nbd7 18. Nb3 Qb6 19. Rd3 a5 20. Nxa5 Qxa5 21. Nd5 Qxd2 22. Nxe7+ Kf8 23. R1xd2 Kxe7 24. Rxd6 Nc5 25. Rb6 Rxd2 26. Bxd2 Ncxe4 27. Bb4+ Ke8 28. Rxb5 Rxc2 29. h3 Nd7 30. Ra5 Bc6 31. Ra7 f5 32. Rc7 Ba4 33. Ra7 Bb3 34. Ra8+ Kf7 35. Ra7 Nef6 36. Bc3 e4 0-1

[Event "Moscow op-E"]
[Site "Moscow"]
[Date "2011.02.02"]
[Round "5.246"]
[White "Sorokin, Adones"]
[Black "Kroll, Dmitry V"]
[Result "1-0"]
[WhiteElo "1938"]
[BlackElo "1446"]
[PlyCount "83"]
[EventDate "2011.01.29"]
[EventType "swiss"]
[EventRounds "9"]
[EventCountry "RUS"]
[SourceTitle "EXT 2022"]
[Source "ChessBase"]
[SourceDate "2021.10.06"]
[SourceVersion "1"]
[SourceVersionDate "2021.10.06"]
[SourceQuality "1"]

1. e4 c5 2. f4 e6 3. c4 a6 4. Nc3 Nf6 5. Nf3 Nc6 6. Be2 d5 7. e5 d4 8. exf6 dxc3 9. dxc3 Qxf6 10. 0-0 Qd8 11. Qe1 Be7 12. Be3 0-0 13. Rd1 Qc7 14. Bd3 b6 15. Ng5 Bxg5 16. fxg5 Ne5 17. Be4 Bb7 18. Bf4 Bxe4 19. Qxe4 f6 20. gxf6 gxf6 21. Rd3 Qc6 22. Rg3+ Kh8 23. Qe2 Ng6 24. Bh6 Rf7 25. Bg5 Raf8 26. Rgf3 e5 27. Bh6 Re8 28. Qf2 Re6 29. Qg3 e4 30. Rf5 Ne7 31. Rd5 Ng8 32. Rd8 Re8 33. Rd6 Qb7 34. Be3 Rd7 35. b4 Rc8 36. Rf5 Rxd6 37. Qxd6 Rc6 38. Qd5 cxb4 39. Bd4 Kg7 40. Rg5+ Kf8 41. Rxg8+ Ke7 42. Rg7+ 1-0

[Event "Moscow op-E"]
[Site "Moscow"]
[Date "2011.01.29"]
[Round "1.225"]
[White "Kroll, Dmitry V"]
[Black "Khazankin, Moisey"]
[Result "0-1"]
[WhiteElo "1446"]
[BlackElo "2138"]
[PlyCount "96"]
[EventDate "2011.01.29"]
[EventType "swiss"]
[EventRounds "9"]
[EventCountry "RUS"]
[SourceTitle "EXT 2022"]
[Source "ChessBase"]
[SourceDate "2021.10.06"]
[SourceVersion "1"]
[SourceVersionDate "2021.10.06"]
[SourceQuality "1"]

1. e4 c5 2. Nf3 d6 3. d4 cxd4 4. Nxd4 Nf6 5. Nc3 g6 6. Bg5 Bg7 7. Be2 Qa5 8. Bxf6 Bxf6 9. 0-0 Nc6 10. Nb3 Qd8 11. Qd2 0-0 12. Rab1 a5 13. a4 Nb4 14. Nd5 Nxd5 15. Qxd5 Be6 16. Qb5 Qc7 17. Rfc1 Bd7 18. Qd5 Bxa4 19. Nd4 Bc6 20. Nb5 Qb6 21. Qd3 Bxb5 22. Qxb5 Qxb5 23. Bxb5 Rac8 24. c3 Rc5 25. Bd7 Rd8 26. Bg4 a4 27. Kf1 Rc4 28. Bf3 b5 29. Ra1 e6 30. Rd1 Be5 31. Ra2 Kg7 32. g3 f5 33. Be2 Rc5 34. f4 Bf6 35. exf5 gxf5 36. c4 bxc4 37. Rxa4 d5 38. Ra7+ Kg6 39. Rd2 Rb8 40. Ra6 Re8 41. Rb6 h5 42. Rb4 e5 43. fxe5 Rxe5 44. Kf2 Re6 45. Bf3 c3 46. Rxd5 Rxd5 47. Bxd5 Rd6 48. Bc4 c2 0-1